A ilha do tesouro (Registo nº 1439)

Detalhes MARC
000 -Etiqueta do registo
Cabeçalho 00909nam0a2200277 4500
005 - Identificador da versão
Campo de controlo 20240813121836.0
010 ## - Número internacional normalizado dos livros (ISBN)
Número (ISBN) 9789720726971
021 ## - Número do Depósito Legal
Código do país PT
Número 372559/14
100 ## - Dados gerais de processamento
Dados gerais de processamento 20150223d2014 a e0pory5003 ba
102 ## - Pais de publicação ou produção
País de publicação Portugal
101 1# - Língua de publicação
Língua do texto, banda sonora, etc. Português
Língua do documento no original Inglês
215 ## - Descrição física 
Indicação específica da natureza do documento e extensão da espécie 74, [3] p.
Outras indicações físicas il. color
200 1# - Titulo e menção de responsabilidade
Título próprio A ilha do tesouro
Primeira menção de responsabilidade Robert Louis Stevenson
Outras menções de responsabilidade adaptação Claire Ubac
-- adaptação para a língua portuguesa António Pescada
225 2# - Colecção 
Título próprio da colecção Educação literária
210 ## - Publicação, Distribuição, etc. 
Lugar da edição, distribuição, etc. Porto
Nome do editor, distribuidor, etc. Porto ed.
Data da publicação, distribuição, etc. 2014
300 ## - Notas gerais 
Texto da nota Metas Curriculares
606 ## - Nome comum usado como assunto
Número de registo de entrada de autoridade 0002043
Palavra de ordem Literatura inglesa
Subdivisão de assunto Romances de aventuras
Código do sistema CA
675 ## - Classificação Decimal Universal (CDU)
Notação 821.111-311.3
Edição 3ª ed.
Língua da edição por
702 #1 - Nome de autor-pessoa física (responsabilidade secundária)
Número de registo de entrada de autoridade 0002081
Palavra de ordem Ubac
Outra parte do nome não tomada para palavra de ordem Claire
Código de função Adaptador
Número de registo de entrada de autoridade 0002082
Palavra de ordem Pescada
Outra parte do nome não tomada para palavra de ordem António
Código de função Adaptador
700 #1 - Nome de autor-pessoa física (responsabilidade principal)
Número de registo de entrada de autoridade 0002077
Palavra de ordem Stevenson
Outra parte do nome não tomada para palavra de ordem Robert Louis
Datas 1850-1894
966 ## - Identificação da Biblioteca
Sigla EB2,3ENM
942 ## - Elementos de entrada adicionados (Koha)
Tipo de item no Koha Livro
Exemplares
Situação do levantamento Origin of item (home branch) (coded) Biblioteca de empréstimo Código de barras Cota Circulation type (not for loan) Tipo de documento Nota do exemplar Damaged status
  Biblioteca Escolar Eng. Nuno Mergulhão Biblioteca Escolar Eng. Nuno Mergulhão BENM3549 82LE-3 STE MET   Livro Sem mensagem